Statystyki dla Poczet Wielkich Polaków

Kliknij tutaj aby rozwiązać quiz!

Ogólne statystyki

  • Ten quiz został rozwiązany 210 razy
  • Średni wynik to 22 z 40

Statystyki odpowiedzi

Odpowiedź% Poprawnych
Józef Piłsudski
99%
Maria Skłodowska-Curie
97%
Jan Paweł II
96%
Adam Mickiewicz
95%
Mikołaj Kopernik
93%
Kazimierz III Wielki
89%
Lech Wałęsa
89%
Fryderyk Chopin
88%
Juliusz Słowacki
86%
Bolesław Chrobry
85%
Tadeusz Kościuszko
81%
Wisława Szymborska
81%
Jan III Sobieski
79%
Władysław Jagiełło
78%
Olga Tokarczuk
74%
Roman Polański
69%
Jan Kochanowski
67%
Władysław Łokietek
66%
Ignacy Jan Paderewski
64%
Witold Pilecki
64%
Władysław Reymont
64%
Jan Matejko
57%
Władysław Anders
57%
Andrzej Wajda
56%
Czesław Miłosz
56%
Henryk Sienkiewicz
56%
Stanisław Moniuszko
46%
Stanisław Lem
41%
Irena Szewińska
40%
Ignacy Łukasiewicz
24%
Stanisław Sosabowski
19%
Wanda Rutkiewicz
19%
Ryszard Kukliński
16%
Zbigniew Brzeziński
16%
Witold Gombrowicz
15%
Tadeusz Rozwadowski
9%
Stefan Banach
7%
Ryszard Kapuściński
5%
Jan Karski
4%
Leszek Kołakowski
3%

Rozkład punktacji

Percentyl według liczby udzielonych odpowiedzi

Procent ludzi z każdym wynikiem

Twoja historia wyników

Nie rozwiązałeś tego quizu